[Event "7th EuropCh Women"]
[Site "Kusadasi / Turkey"]
[Date "2006.04.04"]
[Round "1"]
[Board "1"]
[White "Benderac, Ana"]
[Black "Dembo, Yelena"]
[Result "1/2-1/2"]
[WhiteElo "2293"]
[BlackElo "2464"]
[PlyCount "44"]
[EventDate "2006.04.04"]
[EventRounds "11"]
[EventCountry "AUT"]

1.d4 Nf6 2.Nf3 g6 3.c4 Bg7 4.Nc3 O-O 5.g3 d6 6.Bg2 Nc6 7.O-O a6 8.e3 Bd7 9.Qe2
e5 10.d5 Ne7 11.e4 Nh5 12.b4 a5 13.Ba3 axb4 14.Bxb4 b6 15.a4 f5 16.a5 bxa5
17.Bxa5 Nf6 18.c5 Nxe4 19.Nxe4 fxe4 20.Qxe4 Bf5 21.Qc4 e4 22.Nd4 Bxd4

[Event "7th EuropCh Women"]
[Site "Kusadasi / Turkey"]
[Date "2006.04.04"]
[Round "1"]
[Board "1"]
[White "Mkrtchian, Lilit"]
[Black "Burtasova, Anna"]
[Result "1/2-1/2"]
[WhiteElo "2453"]
[BlackElo "2293"]
[PlyCount "42"]
[EventDate "2006.04.04"]
[EventRounds "11"]
[EventCountry "AUT"]

1.Nf3 c5 2.c4 Nc6 3.d4 cxd4 4.Nxd4 e6 5.Nc3 Qc7 6.Ndb5 Qe5 7.g3 Qb8 8.Bg2 a6
9.Nd4 Nf6 10.O-O Be7 11.b3 O-O 12.Bb2 Qa7 13.Na4 Rb8 14.c5 Bxc5 15.Nxc6 bxc6
16.Be5 Ng4 17.Bxb8 Bxf2+ 18.Rxf2 Qxf2+ 19.Kh1 Qe3 20.Qf1 Nf2+ 21.Kg1 Nh3+

[Event "7th EuropCh Women"]
[Site "Kusadasi / Turkey"]
[Date "2006.04.04"]
[Round "1"]
[Board "1"]
[White "Fakhiridou, Ekaterini"]
[Black "Dzagnidze, Nana"]
[Result "0-1"]
[WhiteElo "2292"]
[BlackElo "2442"]
[PlyCount "66"]
[EventDate "2006.04.04"]
[EventRounds "11"]
[EventCountry "AUT"]

1.e4 c5 2.Nf3 d6 3.d4 cxd4 4.Nxd4 Nf6 5.Nc3 a6 6.Be2 e5 7.Nb3 Be6 8.O-O Be7 9.a4
O-O 10.Be3 Nc6 11.Qd2 Rc8 12.Rfd1 Nb4 13.Bf3 Rc4 14.a5 Qc8 15.Nc1 Rd8 16.Bb6 Rd7
17.Nd3 h6 18.Nxb4 Rxb4 19.b3 d5 20.exd5 Bf5 21.Be2 Rxb6 22.axb6 Bb4 23.Ra4 Bxc3
24.Qc1 Qd8 25.Bd3 Rxd5 26.Rc4 Ba5 27.Rf1 e4 28.Be2 Bxb6 29.Rb4 Qd6 30.c3 Bc7
31.g3 b5 32.Rd1 Bb6 33.Kg2 Bc5

[Event "7th EuropCh Women"]
[Site "Kusadasi / Turkey"]
[Date "2006.04.04"]
[Round "1"]
[Board "1"]
[White "Pogonina, Natalija"]
[Black "Khotenashvili, Bela"]
[Result "1/2-1/2"]
[WhiteElo "2440"]
[BlackElo "2291"]
[PlyCount "106"]
[EventDate "2006.04.04"]
[EventRounds "11"]
[EventCountry "AUT"]

1.e4 e5 2.Nf3 Nf6 3.Nxe5 d6 4.Nd3 Nxe4 5.Qe2 Qe7 6.b3 Nd7 7.Bb2 Nef6 8.Na3 c6
9.Nc4 Qxe2+ 10.Bxe2 d5 11.Ne3 g6 12.g4 Bg7 13.g5 Nh5 14.Bxh5 Bxb2 15.Nxb2 gxh5
16.Nd3 f6 17.f4 Nb6 18.c3 Kf7 19.O-O-O d4 20.Nc2 Bf5 21.Nc5 Bxc2 22.Kxc2 Nd5
23.Nxb7 dxc3 24.Rhe1 cxd2 25.Rxd2 Rhf8 26.gxf6 Kxf6 27.Re5 Kg7 28.Nc5 Kh8
29.Rxh5 Rxf4 30.Ne6 Rf7 31.Nd4 Rd8 32.Kb2 Nf4 33.Re5 Rfd7 34.Re4 Nh5 35.Kc1 Nf6
36.Re6 Ng4 37.Nf3 Rxd2 38.Nxd2 Nxh2 39.Rxc6 Rd7 40.Rc4 Kg7 41.Rc5 h6 42.a4 Ng4
43.Nc4 Kg6 44.a5 h5 45.Rc6+ Kg5 46.Rc5+ Kg6 47.Rc6+ Kg5 48.Rc5+ Kh4 49.a6 Rh7
50.Nd6 Kh3 51.Rb5 h4 52.Rb7 Rh6 53.Nf5 Rxa6

[Event "7th EuropCh Women"]
[Site "Kusadasi / Turkey"]
[Date "2006.04.04"]
[Round "1"]
[Board "1"]
[White "Gvetadze, Sopio"]
[Black "Paehtz, Elisabeth"]
[Result "0-1"]
[WhiteElo "2282"]
[BlackElo "2438"]
[PlyCount "128"]
[EventDate "2006.04.04"]
[EventRounds "11"]
[EventCountry "AUT"]

1.e4 c5 2.Nf3 e6 3.c4 Nc6 4.Nc3 e5 5.d3 d6 6.Nd5 h6 7.g3 g6 8.Bg2 Bg7 9.Be3 Nge7
10.Qd2 Nxd5 11.cxd5 Nd4 12.O-O Qb6 13.Rab1 a5 14.Nh4 Qb4 15.Qd1 Bd7 16.f4 exf4
17.gxf4 Bf6 18.Nf3 Bg4 19.a3 Qb3 20.Qxb3 Nxb3 21.e5 Bg7 22.Rbe1 Kd7 23.Nd2 Nxd2
24.Bxd2 Rhe8 25.Bc3 Bh8 26.Be4 Bf5 27.Bxf5+ gxf5 28.a4 Rg8+ 29.Kh1 Rae8 30.Rf3
Rg4 31.h3 Rg6 32.d4 b6 33.dxc5 bxc5 34.Bxa5 dxe5 35.Rb3 e4 36.Rb7+ Kd6 37.Rd1
Bd4 38.b4 Rc8 39.bxc5+ Bxc5 40.Rxf7 Rg3 41.Rf6+ Kd7 42.Rxh6 Rcg8 43.Rh7+ R8g7
44.Rxg7+ Rxg7 45.Kh2 Bf2 46.Bc3 Rg8 47.Be1 Bg1+ 48.Kh1 Be3 49.Bd2 Bc5 50.Rc1 Kd6
51.a5 Rg3 52.a6 Rxh3+ 53.Kg2 Ra3 54.a7 Kxd5 55.Kf1 Bxa7 56.Ke2 Rh3 57.Rc7 Rh2+
58.Kd1 Bd4 59.Rd7+ Kc4 60.Be1 Kd3 61.Rb7 Rb2 62.Rxb2 Bxb2 63.Bf2 e3 64.Bg3 e2+

[Event "7th EuropCh Women"]
[Site "Kusadasi / Turkey"]
[Date "2006.04.04"]
[Round "1"]
[Board "1"]
[White "Velcheva, Maria"]
[Black "Gaponenko, Inna"]
[Result "0-1"]
[WhiteElo "2279"]
[BlackElo "2430"]
[PlyCount "158"]
[EventDate "2006.04.04"]
[EventRounds "11"]
[EventCountry "AUT"]

1.e4 c5 2.Nf3 d6 3.d4 cxd4 4.Nxd4 Nf6 5.Nc3 g6 6.Be3 Bg7 7.f3 O-O 8.Qd2 Nc6
9.O-O-O Bd7 10.Kb1 Rc8 11.g4 Ne5 12.h4 Qa5 13.h5 Nxf3 14.Nxf3 Rxc3 15.Qxc3 Qxc3
16.bxc3 Bxg4 17.Bg2 Nxe4 18.h6 Nxc3+ 19.Kc1 Nxa2+ 20.Kd2 Bc3+ 21.Ke2 Bf6 22.Bd4
e5 23.Ba1 Be7 24.Bh3 Bh5 25.Bd7 Rd8 26.Rxh5 gxh5 27.Rg1+ Kf8 28.Bf5 Bf6 29.Bxh7
Nb4 30.Rb1 a5 31.c3 Na6 32.Rxb7 Nc5 33.Ra7 h4 34.c4 Rb8 35.Rxa5 Nb3 36.Ra7 Nxa1
37.Rxa1 e4 38.Rg1 exf3+ 39.Kxf3 Rb3+ 40.Kg4 Rc3 41.Kf5 Be5 42.Kg4 Rxc4+ 43.Kh3
Rc3+ 44.Kxh4 Bf4 45.Rf1 Rc4 46.Kh3 Bxh6 47.Bg6 Bf4 48.Bb1 Ke7 49.Kg4 Be5+ 50.Kf5
f6 51.Be4 Rd4 52.Ra1 d5 53.Ra7+ Kd6 54.Ra6+ Kd7 55.Ra7+ Kc6 56.Bh1 Kb6 57.Rd7
Rf4+ 58.Ke6 d4 59.Rd5 Rf1 60.Be4 Re1 61.Kf5 Re3 62.Bb1 Rf3+ 63.Ke6 Rf4 64.Bd3
Kc6 65.Bb5+ Kc7 66.Bd3 Kb6 67.Bc2 Rh4 68.Bd3 Rh3 69.Bc2 Rc3 70.Be4 Rc5 71.Rxc5
Kxc5 72.Kf5 Kc4 73.Bb1 Kc3 74.Ke4 Bc7 75.Kf3 d3 76.Ke3 Bb6+ 77.Kf3 Bc5 78.Ba2 d2
79.Ke2 Kc2

[Event "7th EuropCh Women"]
[Site "Kusadasi / Turkey"]
[Date "2006.04.04"]
[Round "1"]
[Board "1"]
[White "Khurtsidze, Nino"]
[Black "Tsiganova, Monika"]
[Result "1-0"]
[WhiteElo "2426"]
[BlackElo "2267"]
[PlyCount "83"]
[EventDate "2006.04.04"]
[EventRounds "11"]
[EventCountry "AUT"]

1.d4 Nf6 2.c4 g6 3.Nf3 Bg7 4.b4 d5 5.e3 c6 6.Nbd2 Ne4 7.cxd5 Nxd2 8.Bxd2 Qxd5
9.Rc1 Be6 10.Bc4 Qd6 11.Qb3 Bxc4 12.Qxc4 Nd7 13.b5 Nb6 14.Qb3 Rc8 15.O-O O-O
16.Bb4 Qd5 17.bxc6 Rxc6 18.Bxe7 Rfc8 19.Bc5 Qxb3 20.axb3 Nd5 21.g3 Bf8 22.Ne5
R6c7 23.Nd3 b6 24.Bxf8 Kxf8 25.Rxc7 Rxc7 26.Rc1 Rxc1+ 27.Nxc1 a5 28.Kf1 Nc3
29.Ke1 b5 30.Kd2 Ne4+ 31.Ke2 Ke7 32.f3 Nc3+ 33.Kd3 b4 34.Ne2 Nb1 35.e4 Kd6
36.Nf4 f6 37.Nd5 f5 38.Ne3 fxe4+ 39.fxe4 Kc6 40.Nc4 Kb5 41.e5 Nc3 42.Ne3

[Event "7th EuropCh Women"]
[Site "Kusadasi / Turkey"]
[Date "2006.04.04"]
[Round "1"]
[Board "1"]
[White "Przezdziecka, Marta"]
[Black "Zhukova, Natalia"]
[Result "0-1"]
[WhiteElo "2265"]
[BlackElo "2425"]
[PlyCount "60"]
[EventDate "2006.04.04"]
[EventRounds "11"]
[EventCountry "AUT"]

1.d4 d5 2.Nf3 c5 3.c4 e6 4.cxd5 exd5 5.g3 Nc6 6.Bg2 c4 7.O-O Bb4 8.b3 cxb3
9.Qxb3 Nge7 10.Ba3 a5 11.Nc3 O-O 12.Rfc1 Bf5 13.e3 a4 14.Qb2 Qa5 15.Ne5 Bxa3
16.Qxa3 Rfd8 17.g4 Be6 18.Rab1 Nxe5 19.dxe5 Nc6 20.Rxb7 Nxe5 21.Rb5 Qa6 22.Rb4
Bxg4 23.Rxa4 Qc6 24.Rxa8 Rxa8 25.Qb3 Nf3+ 26.Bxf3 Bxf3 27.Ne2 Qg6+ 28.Ng3 h5
29.h4 Qg4 30.Qb7 Qh3

[Event "7th EuropCh Women"]
[Site "Kusadasi / Turkey"]
[Date "2006.04.04"]
[Round "1"]
[Board "1"]
[White "Arakhamia Grant, Ketevan"]
[Black "Dragomirescu, Angela"]
[Result "1-0"]
[WhiteElo "2423"]
[BlackElo "2261"]
[PlyCount "61"]
[EventDate "2006.04.04"]
[EventRounds "11"]
[EventCountry "AUT"]

1.e4 d6 2.d4 Nf6 3.Nc3 g6 4.Be3 c6 5.Nf3 b5 6.Bd3 Nbd7 7.O-O e5 8.dxe5 dxe5 9.a4
b4 10.Ne2 Bg7 11.c3 bxc3 12.Nxc3 a5 13.Bc4 O-O 14.Qd6 Bb7 15.Rfd1 Qb8 16.Qxb8
Raxb8 17.Rd6 Rfe8 18.Rad1 Re7 19.h3 h6 20.Nd2 Ba8 21.Nb3 Rb4 22.Nxa5 Rxb2
23.Nxc6 Re8 24.Rxd7 Nxd7 25.Rxd7 Kh7 26.Bxf7 Rf8 27.Nd8 Rb8 28.Ne6 Rfc8 29.Nd5
Bc6 30.Bxg6+ Kh8 31.Rxg7

[Event "7th EuropCh Women"]
[Site "Kusadasi / Turkey"]
[Date "2006.04.04"]
[Round "1"]
[Board "1"]
[White "Eckhardt, Claudia"]
[Black "Danielian, Elina"]
[Result "0-1"]
[WhiteElo "2260"]
[BlackElo "2422"]
[PlyCount "134"]
[EventDate "2006.04.04"]
[EventRounds "11"]
[EventCountry "AUT"]

1.d4 d5 2.Nf3 Nf6 3.g3 c6 4.Bg2 Bf5 5.O-O Nbd7 6.c4 e6 7.Nc3 dxc4 8.a4 Bb4 9.Nh4
Bg4 10.h3 Bh5 11.g4 Bg6 12.Nxg6 hxg6 13.e4 a5 14.Qe2 Nb6 15.Be3 Qc7 16.d5 e5
17.dxc6 bxc6 18.Bxb6 Qxb6 19.Qxc4 O-O 20.Rac1 Rfd8 21.Rfd1 Bc5 22.Rc2 Bd4 23.Rb1
Rab8 24.Na2 Nh7 25.b4 Rd6 26.b5 Rf6 27.Qf1 Ng5 28.Nc3 Qc5 29.Rbc1 Qb4 30.bxc6
Rxc6 31.Nd5 Rxc2 32.Rxc2 Qxa4 33.Qc1 Qa1 34.Qxa1 Bxa1 35.Ra2 Rb1+ 36.Kh2 Bd4
37.Rxa5 Bxf2 38.Ra3 Re1 39.Ra8+ Kh7 40.Ra4 Bd4 41.Rb4 Re2 42.Kg3 Bf2+ 43.Kh2 Be1
44.Rb3 Bd2 45.Kg1 Nxe4 46.Rb7 Re1+ 47.Kh2 f5 48.Bxe4 fxe4 49.h4 g5 50.h5 Rf1
51.Kg2 Rf8 52.Re7 Bf4 53.Kf2 Kg8 54.Kg2 Rd8 55.Nxf4 gxf4 56.Rxe5 Rd2+ 57.Kf1 e3
58.Rf5 Rf2+ 59.Ke1 g6 60.Rg5 Kf7 61.Rxg6 Rg2 62.Rg5 Ke6 63.Rf5 Rxg4 64.Rf8 Ke5
65.h6 Rh4 66.Re8+ Kf5 67.Rf8+ Ke5

[Event "7th EuropCh Women"]
[Site "Kusadasi / Turkey"]
[Date "2006.04.04"]
[Round "1"]
[Board "1"]
[White "Kachiani Gersinska,  Ketino"]
[Black "Schuurman, Petra"]
[Result "1-0"]
[WhiteElo "2421"]
[BlackElo "2258"]
[PlyCount "185"]
[EventDate "2006.04.04"]
[EventRounds "11"]
[EventCountry "AUT"]

1.d4 Nf6 2.c4 e6 3.g3 c5 4.d5 exd5 5.cxd5 d6 6.Nc3 g6 7.Bg2 Bg7 8.Nf3 O-O 9.O-O
Nbd7 10.Bf4 Qe7 11.h3 a6 12.a4 Rb8 13.Rb1 Nh5 14.Bg5 f6 15.Bd2 f5 16.Qc1 Nhf6
17.Ng5 Ne5 18.b4 h6 19.Ne6 Bxe6 20.dxe6 cxb4 21.Rxb4 Rfc8 22.Qb1 Nc4 23.Be1 b5
24.axb5 axb5 25.Rxb5 Rxb5 26.Qxb5 Qxe6 27.Nd5 Ne4 28.Qb7 Rf8 29.Nf4 Qf7 30.Bxe4
fxe4 31.Qxe4 Re8 32.Qc2 g5 33.Nd3 d5 34.Bc3 Bxc3 35.Qxc3 Rxe2 36.Ra1 Re8 37.Ra6
Re6 38.Ra8+ Re8 39.Rxe8+ Qxe8 40.Qf6 Nd2 41.Nc5 Qe1+ 42.Kg2 Kh7 43.g4 Qf1+
44.Kh2 Ne4 45.Qf7+ Kh8 46.Qe8+ Kg7 47.Qd7+ Kh8 48.Qd8+ Kh7 49.Qc7+ Kg8 50.Qc8+
Kh7 51.Qf5+ Kh8 52.Qe5+ Kh7 53.Nxe4 dxe4 54.Qxe4+ Kg7 55.Qe7+ Kg8 56.Qf6 Kh7
57.h4 gxh4 58.Qxh4 Qe2 59.Qg3 Kg6 60.Qf4 Qd3 61.Qe3 Qf1 62.Qe4+ Kg7 63.Qe5+ Kg6
64.Qe4+ Kg7 65.Kg3 Qg1+ 66.Qg2 Qe1 67.Qb7+ Kg6 68.Qc6+ Kg7 69.Qd7+ Kg6 70.Qd3+
Kg7 71.Qd4+ Kg6 72.Kf4 Qc1+ 73.Ke5 Qg5+ 74.Ke6 Qc1 75.Qf6+ Kh7 76.Qe7+ Kg8
77.Qd8+ Kg7 78.Qf6+ Kh7 79.Kf7 Qc4+ 80.Qe6 Qc7+ 81.Kf6 Qc3+ 82.Qe5 Qc6+ 83.Ke7
Qb7+ 84.Kd8 Qa8+ 85.Ke7 Qb7+ 86.Ke8 Qc8+ 87.Ke7 Qxg4 88.f4 Qc8 89.Qe4+ Kh8
90.Qd4+ Kh7 91.Qd3+ Kg7 92.Qd4+ Kg8 93.Qd7

[Event "7th EuropCh Women"]
[Site "Kusadasi / Turkey"]
[Date "2006.04.04"]
[Round "1"]
[Board "1"]
[White "Muhren, Bianca"]
[Black "Muzychuk, Anna"]
[Result "0-1"]
[WhiteElo "2253"]
[BlackElo "2419"]
[PlyCount "86"]
[EventDate "2006.04.04"]
[EventRounds "11"]
[EventCountry "AUT"]

1.e4 c5 2.Nf3 e6 3.d4 cxd4 4.Nxd4 a6 5.Nc3 b5 6.Bd3 Bb7 7.Qe2 d6 8.O-O Nf6 9.Kh1
Be7 10.f4 O-O 11.Bd2 b4 12.Nd1 Qb6 13.Nf3 Nbd7 14.e5 Nd5 15.Nf2 Nc5 16.Ne4 Nxd3
17.Qxd3 dxe5 18.fxe5 Qb5 19.Qxb5 axb5 20.Bg5 Bxg5 21.Nexg5 h6 22.Nh3 Ne3 23.Rf2
Bxf3 24.gxf3 Nc4 25.Re2 Nxb2 26.Re4 Nc4 27.Nf2 Rfc8 28.Kg2 Na3 29.Kg3 Nxc2
30.Rc1 Rc6 31.Nd3 Rxa2 32.Rb1 Ra4 33.Nxb4 Nxb4 34.Rexb4 Rxb4 35.Rxb4 Rc5 36.f4
Kh7 37.Kf3 Kg6 38.Rb1 Kf5 39.Ke3 Rc3+ 40.Kd2 Rf3 41.Rxb5 Kxf4 42.h4 Kg4 43.Ke2
Rf5

[Event "7th EuropCh Women"]
[Site "Kusadasi / Turkey"]
[Date "2006.04.04"]
[Round "1"]
[Board "1"]
[White "Javakhishvili, Lela"]
[Black "Smokina, Karolina"]
[Result "1-0"]
[WhiteElo "2410"]
[BlackElo "2252"]
[PlyCount "45"]
[EventDate "2006.04.04"]
[EventRounds "11"]
[EventCountry "AUT"]

1.d4 d5 2.c4 c6 3.Nf3 Nf6 4.e3 Bg4 5.Nc3 e6 6.h3 Bxf3 7.Qxf3 Nbd7 8.Bd3 Bd6
9.O-O O-O 10.e4 e5 11.dxe5 dxe4 12.Nxe4 Nxe5 13.Nxf6+ Qxf6 14.Qxf6 gxf6 15.Rd1
c5 16.Bh6 Rfe8 17.Bf1 Ng6 18.g3 Be7 19.Kg2 Rad8 20.Bd2 Rd7 21.b3 Kg7 22.Bc3 h5
23.h4

[Event "7th EuropCh Women"]
[Site "Kusadasi / Turkey"]
[Date "2006.04.04"]
[Round "1"]
[Board "1"]
[White "Bensdorp, Marlies"]
[Black "Peptan, Corina"]
[Result "0-1"]
[WhiteElo "2251"]
[BlackElo "2408"]
[PlyCount "70"]
[EventDate "2006.04.04"]
[EventRounds "11"]
[EventCountry "AUT"]

1.d4 Nf6 2.c4 e6 3.Nf3 b6 4.e3 Bb7 5.Bd3 Be7 6.O-O O-O 7.Nc3 d5 8.cxd5 exd5
9.Qc2 c5 10.dxc5 bxc5 11.b3 Nc6 12.Qd2 Nb4 13.Be2 Ne4 14.Nxe4 dxe4 15.Ne5 Bf6
16.Nd7 Bxa1 17.Nxc5 Rb8 18.Qxb4 Ba6 19.Qe1 Bxe2 20.Qxe2 Be5 21.Qh5 Qd5 22.Ba3
Rfd8 23.g3 Rbc8 24.Rc1 g6 25.Qh4 f5 26.Kg2 Rc6 27.Qe7 Rc7 28.Qg5 Rdc8 29.b4 Qxa2
30.Nd7 Rxc1 31.Bxc1 Bg7 32.Qe7 Qf7 33.Qxf7+ Kxf7 34.Ba3 Rc3 35.Bb2 Rb3

[Event "7th EuropCh Women"]
[Site "Kusadasi / Turkey"]
[Date "2006.04.04"]
[Round "1"]
[Board "1"]
[White "Lomineishvili, Maia"]
[Black "Gavasheli, Ana"]
[Result "1-0"]
[WhiteElo "2399"]
[BlackElo "2244"]
[PlyCount "91"]
[EventDate "2006.04.04"]
[EventRounds "11"]
[EventCountry "AUT"]

1.d4 Nf6 2.c4 c5 3.d5 e6 4.Nc3 exd5 5.cxd5 d6 6.Nf3 g6 7.Bf4 a6 8.a4 b6 9.h3 Bg7
10.Nd2 Nh5 11.Bh2 Be5 12.Bxe5 dxe5 13.Nc4 Nd7 14.Nd6+ Kf8 15.e4 Ndf6 16.Nxc8
Qxc8 17.g3 Kg7 18.Bg2 Qd7 19.O-O Qd6 20.Ne2 Rhe8 21.Qd3 g5 22.Nc3 Qd7 23.Nd1 Kh8
24.Ne3 b5 25.axb5 axb5 26.Nf5 Ng7 27.Nxg7 Kxg7 28.Qe3 h6 29.Qxc5 Rac8 30.Qb6 Rb8
31.Qe3 Qd6 32.Ra7 Qb4 33.h4 g4 34.f3 Qxb2 35.fxg4 Qd4 36.Qxd4 exd4 37.g5 hxg5
38.hxg5 Nxe4 39.Rfxf7+ Kg6 40.Rg7+ Kf5 41.Raf7+ Kg4 42.Rf4+ Kxg3 43.Rxe4 Rxe4
44.Bxe4 Re8 45.d6 Rxe4 46.Re7

[Event "7th EuropCh Women"]
[Site "Kusadasi / Turkey"]
[Date "2006.04.04"]
[Round "1"]
[Board "1"]
[White "Cherednichenko, Svetlana"]
[Black "Ushenina, Anna"]
[Result "0-1"]
[WhiteElo "2238"]
[BlackElo "2397"]
[PlyCount "35"]
[EventDate "2006.04.04"]
[EventRounds "11"]
[EventCountry "AUT"]

1.d4 d5 2.c4 dxc4 3.e4 Nf6 4.e5 Nd5 5.Bxc4 Nb6 6.Bb3 Nc6 7.Ne2 Bf5 8.Nbc3 e6
9.O-O Qd7 10.Be3 O-O-O 11.a3 Kb8 12.Na4 f6 13.Nxb6 cxb6 14.f4 Bg4 15.Rf2 Ne7
16.Qd2 Bxe2 17.Qxe2 f5 18.Qd3 {...45}

[Event "7th EuropCh Women"]
[Site "Kusadasi / Turkey"]
[Date "2006.04.04"]
[Round "1"]
[Board "1"]
[White "Peng, Zhaoqin"]
[Black "Andriasian, Siranush"]
[Result "1-0"]
[WhiteElo "2395"]
[BlackElo "2237"]
[PlyCount "127"]
[EventDate "2006.04.04"]
[EventRounds "11"]
[EventCountry "AUT"]

1.Nf3 Nf6 2.c4 e6 3.Nc3 d5 4.d4 Be7 5.cxd5 exd5 6.Bg5 c6 7.Qc2 O-O 8.e3 Ne4
9.Nxe4 dxe4 10.Bxe7 Qxe7 11.Nd2 f5 12.Bc4+ Be6 13.Bxe6+ Qxe6 14.Qb3 Qxb3 15.Nxb3
Nd7 16.Ke2 Nb6 17.Nc5 Rf7 18.Rac1 Nd5 19.g3 Rc8 20.Rc4 h6 21.h4 g6 22.Ne6 Re7
23.Nf4 Nxf4+ 24.gxf4 Rd8 25.Ra4 a6 26.Ra5 Rd5 27.Rxd5 cxd5 28.Rc1 Kf7 29.Kd2 Kf6
30.Rc8 Kf7 31.Rd8 Ke6 32.Rh8 h5 33.Re8 Kd7 34.Rb8 Kc7 35.Rg8 Rd7 36.Rf8 Rd6
37.Rf7+ Kb6 38.Kc3 Kc6 39.b4 b5 40.Kb3 Kb6 41.a4 a5 42.Rf8 bxa4+ 43.Kxa4 axb4
44.Kxb4 Kc6 45.Ra8 Kb6 46.Rb8+ Kc6 47.Ka5 Kc7 48.Rb3 Rd8 49.Rb6 Ra8+ 50.Kb5 Ra2
51.Rxg6 Rxf2 52.Kc5 Rf3 53.Rg7+ Kd8 54.Kd6 Ke8 55.Ke6 Kf8 56.Rf7+ Kg8 57.Rxf5
Rxe3 58.Rg5+ Kf8 59.Rxd5 Rf3 60.f5 Kg7 61.Re5 Rf4 62.d5 Rxh4 63.d6 e3 64.Rxe3

[Event "7th EuropCh Women"]
[Site "Kusadasi / Turkey"]
[Date "2006.04.04"]
[Round "1"]
[Board "1"]
[White "Melia, Salome"]
[Black "Bashkite, Viktoria"]
[Result "1-0"]
[WhiteElo "2393"]
[BlackElo "2205"]
[PlyCount "61"]
[EventDate "2006.04.04"]
[EventRounds "11"]
[EventCountry "AUT"]

1.e4 e6 2.d4 d5 3.Nc3 Bb4 4.e5 c5 5.Bd2 Ne7 6.a3 Bxc3 7.Bxc3 Nbc6 8.Nf3 cxd4
9.Bxd4 Nf5 10.Bc3 O-O 11.Bd3 Nh4 12.O-O b6 13.Nd4 Qg5 14.g3 Nxd4 15.Bxd4 Nf5
16.f4 Qe7 17.c3 g6 18.Bf2 Bb7 19.g4 Ng7 20.Bd4 Qh4 21.Qf3 h5 22.h3 Qe7 23.Rf2
Bc8 24.Rg2 h4 25.f5 exf5 26.gxf5 Qd7 27.e6 Qc7 28.e7 Qxe7 29.f6 Qe6 30.fxg7 Re8
31.Qf4

[Event "7th EuropCh Women"]
[Site "Kusadasi / Turkey"]
[Date "2006.04.04"]
[Round "1"]
[Board "1"]
[White "Pavlovskaya, Evgenia"]
[Black "Bosboom Lanchava, Tea"]
[Result "0-1"]
[WhiteElo "2182"]
[BlackElo "2380"]
[PlyCount "80"]
[EventDate "2006.04.04"]
[EventRounds "11"]
[EventCountry "AUT"]

1.e4 d6 2.d4 Nf6 3.Nc3 g6 4.Be3 Bg7 5.Qd2 Ng4 6.Bg5 h6 7.Bh4 O-O 8.f3 Nf6 9.Nge2
a6 10.g4 b5 11.Rd1 b4 12.Nb1 Nc6 13.Bg2 Rb8 14.O-O e5 15.d5 Na5 16.b3 g5 17.Bf2
Ne8 18.a3 c5 19.dxc6 Nxc6 20.axb4 Nxb4 21.Ng3 Qc7 22.c3 Nc6 23.b4 a5 24.bxa5
Nxa5 25.Nf5 Nc4 26.Qc1 Ba6 27.h4 f6 28.hxg5 fxg5 29.Ne3 Nxe3 30.Qxe3 Bxf1
31.Bxf1 Qc6 32.Na3 Qa4 33.Ra1 Kh8 34.Kg2 Nc7 35.Bd3 Ne6 36.Nc2 Qc6 37.Be1 Rb2
38.Kg3 Qc5 39.Qxc5 Nxc5 40.Nb4 Rxb4

[Event "7th EuropCh Women"]
[Site "Kusadasi / Turkey"]
[Date "2006.04.04"]
[Round "1"]
[Board "1"]
[White "Atalik, Ekaterina"]
[Black "Lematschko, Tatjana"]
[Result "1-0"]
[WhiteElo "2379"]
[BlackElo "2180"]
[PlyCount "63"]
[EventDate "2006.04.04"]
[EventRounds "11"]
[EventCountry "AUT"]

1.d4 d6 2.c4 e5 3.e3 c6 4.Nc3 Ne7 5.Nf3 f6 6.Be2 Qc7 7.O-O Be6 8.b3 Nd7 9.Ba3
Nc8 10.Nh4 Qa5 11.Bb2 Be7 12.d5 cxd5 13.Nxd5 Bxd5 14.cxd5 g6 15.Nf3 O-O 16.e4
Qd8 17.Nd2 f5 18.exf5 gxf5 19.Kh1 Bf6 20.g4 fxg4 21.Bd3 Nc5 22.Bc2 a5 23.Ne4
Nxe4 24.Bxe4 Ne7 25.Qd3 h6 26.Rac1 Qb6 27.Qe2 Kg7 28.Bd3 Rh8 29.Qe4 Qb4 30.Rc4
Qb6 31.Kg2 Kf7 32.Rfc1 {...53}

[Event "7th EuropCh Women"]
[Site "Kusadasi / Turkey"]
[Date "2006.04.04"]
[Round "1"]
[Board "1"]
[White "Sedina, Elena"]
[Black "Muzychuk, Mariya"]
[Result "0-1"]
[WhiteElo "2373"]
[BlackElo "2172"]
[PlyCount "80"]
[EventDate "2006.04.04"]
[EventRounds "11"]
[EventCountry "AUT"]

1.e4 c5 2.Nf3 Nc6 3.Bb5 Nf6 4.Nc3 Qc7 5.O-O Nd4 6.Re1 a6 7.Bf1 Ng4 8.g3 Nxf3+
9.Qxf3 Ne5 10.Qd1 e6 11.Bg2 d6 12.a4 Nc6 13.d3 Be7 14.Be3 Bf6 15.Qd2 O-O 16.f4
b6 17.a5 Bxc3 18.bxc3 Nxa5 19.f5 exf5 20.exf5 Bxf5 21.Bxa8 Rxa8 22.Qg2 Rc8
23.Bf4 Be6 24.g4 Qd7 25.h3 d5 26.Reb1 Rc6 27.Bd2 h5 28.gxh5 Bxh3 29.Qg3 Qf5
30.Kh2 Bg4 31.Kg2 Bxh5 32.Rf1 Qd7 33.Kh2 Rg6 34.Qh4 Be2 35.Rf2 Rg4 36.Qh3 Qe7
37.Rf4 Qd6 38.Raf1 Rg6 39.Rg1 Rh6 40.Rxg7+ Kxg7

[Event "7th EuropCh Women"]
[Site "Kusadasi / Turkey"]
[Date "2006.04.04"]
[Round "1"]
[Board "1"]
[White "Andersson, Christin"]
[Black "Shadrina, Tatiana"]
[Result "1-0"]
[WhiteElo "2170"]
[BlackElo "2371"]
[PlyCount "108"]
[EventDate "2006.04.04"]
[EventRounds "11"]
[EventCountry "AUT"]

1.e4 e5 2.Bc4 Nf6 3.d3 Bc5 4.Bg5 Nc6 5.Nf3 h6 6.Bh4 g5 7.Bg3 d6 8.c3 Bg4 9.b4
Bb6 10.Qb3 Qe7 11.Nbd2 Nh5 12.Bd5 Nd8 13.Qc2 c6 14.Bb3 Ne6 15.h3 Nxg3 16.fxg3
Bh5 17.Nc4 Bc7 18.Ne3 Bxf3 19.gxf3 O-O-O 20.a4 Ng7 21.b5 Bb6 22.Nc4 Bc5 23.O-O-O
d5 24.Nd2 Kb8 25.g4 dxe4 26.fxe4 cxb5 27.axb5 Ne6 28.Bxe6 fxe6 29.Nc4 Rhf8
30.Rhf1 Qd7 31.Rxf8 Rxf8 32.Qb3 Qc7 33.Nd2 Be3 34.Kc2 Qe7 35.Re1 Bf4 36.Re2 Rh8
37.Nf3 h5 38.d4 hxg4 39.hxg4 exd4 40.Nxd4 e5 41.Nf5 Qc5 42.Kb2 Qg1 43.Rc2 Qxg4
44.Qd5 Qg1 45.Nd6 Qb6 46.Nf7 Re8 47.Rg2 a6 48.Nxg5 Rd8 49.Qb3 axb5 50.Ne6 Rc8
51.Qd5 b4 52.c4 Qa6 53.Nc5 Qc6 54.Nd7+ Ka7

[Event "7th EuropCh Women"]
[Site "Kusadasi / Turkey"]
[Date "2006.04.04"]
[Round "1"]
[Board "1"]
[White "Zielinska, Marta"]
[Black "Khudaverdieva, Afag"]
[Result "1-0"]
[WhiteElo "2366"]
[BlackElo "2156"]
[PlyCount "99"]
[EventDate "2006.04.04"]
[EventRounds "11"]
[EventCountry "AUT"]

1.g3 d5 2.Bg2 Nf6 3.f4 c5 4.Nf3 Nc6 5.O-O g6 6.d3 Bg7 7.c3 d4 8.e4 dxe3 9.Bxe3
Bf5 10.Bxc5 Bxd3 11.Re1 O-O 12.Nd4 Bxb1 13.Nxc6 Qxd1 14.Nxe7+ Kh8 15.Rxd1 Be4
16.Nd5 Bxg2 17.Kxg2 Nxd5 18.Rxd5 Rfe8 19.Kf3 b6 20.Bf2 Re7 21.Rad1 h5 22.a4 Rae8
23.h3 Kg8 24.Rd7 Bf6 25.g4 hxg4+ 26.hxg4 g5 27.Rxe7 Rxe7 28.Rd6 Kg7 29.Rd5 Kg6
30.f5+ Kg7 31.Be3 Rb7 32.Rb5 Bd8 33.a5 Rb8 34.axb6 axb6 35.Ke4 f6 36.Kd5 Kf7
37.c4 Bc7 38.Kc6 Be5 39.Bxb6 Rc8+ 40.Kd5 Ra8 41.c5 Ra1 42.Bc7 Rd1+ 43.Kc6 Rd4
44.Rb7 Ke8 45.b4 Rxg4 46.Bxe5 fxe5 47.Kd6 e4 48.b5 Rh4 49.Re7+ Kd8 50.c6

[Event "7th EuropCh Women"]
[Site "Kusadasi / Turkey"]
[Date "2006.04.04"]
[Round "1"]
[Board "1"]
[White "Van Weersel, Arlette"]
[Black "Dworakowska, Joanna"]
[Result "0-1"]
[WhiteElo "2148"]
[BlackElo "2364"]
[PlyCount "72"]
[EventDate "2006.04.04"]
[EventRounds "11"]
[EventCountry "AUT"]

1.e4 c5 2.c4 Nc6 3.Ne2 Nf6 4.Nbc3 e6 5.d4 cxd4 6.Nxd4 Bb4 7.Nxc6 bxc6 8.Bd3 e5
9.O-O O-O 10.f4 d6 11.Na4 exf4 12.Bxf4 Ng4 13.Be2 Ne5 14.c5 Qa5 15.Rc1 Ba6
16.Bxa6 Qxa6 17.Bxe5 dxe5 18.Rf5 Rad8 19.Qb3 Qe2 20.Rf2 Qxe4 21.Rcf1 Rd2 22.Rf3
Qg4 23.Rg3 Qd4+ 24.Kh1 e4 25.a3 Bxc5 26.Rc3 Bd6 27.Qc4 Qe5 28.Rh3 Qd5 29.Qxd5
cxd5 30.Nc3 f5 31.b4 Be5 32.Nb1 Rb2 33.Rd1 d4 34.Nd2 Rc8 35.Nb3 Rcc2 36.Nc5 Rxg2

[Event "7th EuropCh Women"]
[Site "Kusadasi / Turkey"]
[Date "2006.04.04"]
[Round "1"]
[Board "1"]
[White "Turova, Irina"]
[Black "Gilbert, Jessie"]
[Result "1-0"]
[WhiteElo "2362"]
[BlackElo "2144"]
[PlyCount "73"]
[EventDate "2006.04.04"]
[EventRounds "11"]
[EventCountry "AUT"]

1.d4 g6 2.c4 Bg7 3.Nc3 d6 4.e4 Nf6 5.f4 O-O 6.Nf3 c5 7.d5 e6 8.dxe6 Bxe6 9.Bd3
Bg4 10.O-O Nc6 11.h3 Bxf3 12.Qxf3 Nd4 13.Qf2 Nd7 14.Be3 f5 15.exf5 Nxf5 16.Bxf5
gxf5 17.Rad1 Rf6 18.Qf3 Kh8 19.Bf2 Rg6 20.Rd2 Nb6 21.b3 Qf8 22.Rfd1 a6 23.Ne2
Qe7 24.Ng3 Rf8 25.Re1 Qf7 26.Rde2 Nc8 27.Nh5 b5 28.Nxg7 Rxg7 29.cxb5 axb5 30.b4
Rfg8 31.Kh1 h6 32.bxc5 dxc5 33.Bxc5 Rg3 34.Qc6 R3g6 35.Re6 Kh7 36.Bd4 Rxe6
37.Rxe6